Statistiques concernant Races de chiens par images

Cliquez ici pour prendre le quiz!

Statistiques générales

  • Ce quiz a été pris 12 760 fois
    (12 418 depuis la dernière actualisation)
  • Le résultat moyen est 12 sur 20

Statistiques - réponses

Réponse% Correct
Berger allemand
92%
Dalmatien
91%
Labrador
85%
Husky sibérien
84%
Caniche
82%
Berger australien
76%
Golden retriever
76%
Berger belge
67%
Saint-Bernard
66%
Lévrier
60%
Beagle
47%
Bouledogue français
46%
Cavalier King Charles Spaniel
45%
Chihuahua
41%
Bichon
40%
Border collie
39%
Dobermann
38%
Spitz nain
38%
Epagneul breton
32%
Jack russell terrier
27%

Distribution des résultats

Percentile par nombre de réponses

% des personnes avec chaque résultat

Votre développement - résultats

Vous n’avez pas pris ce quiz depuis la dernière actualisation